| 000 | 01055nam a2200253Ia 4500 | ||
|---|---|---|---|
| 003 | OSt | ||
| 005 | 20220923220455.0 | ||
| 006 | a|||||r|||| 00| 0 | ||
| 007 | ta | ||
| 008 | 220922b |||||||| |||| 00| 0 hin d | ||
| 024 | _a186,839 | ||
| 037 | _cTextual | ||
| 040 |
_aARTS _cARTS _bhin |
||
| 041 |
_2hin _ahin |
||
| 082 | _aX:7, 152K4 | ||
| 100 | _aहिक्स, जे0 आर0 | ||
| 245 | 0 | _aमूल्य और पूंजी* आर्थिक सिद्वान्त के कुछ मूल तत्वों की मीमांसा, अनु महेशचन्द्र | |
| 246 | _aMūlya aur pūanjī: ārthik sidvānta ke kuchh mūl tatvoan kī mīmāansā, anu0 hineshachandra | ||
| 260 |
_aउतर प्रदेश _b हिन्दी समिति _c1964 |
||
| 490 | _aहिन्दी समिति ग्रंथमाला; 99 | ||
| 650 | _aअर्थशास्त्र | ||
| 942 |
_hX:7, 152K4 _cTEXL _2CC |
||
| 999 |
_c340082 _d340082 |
||